[Event "PER-ch"]
[Site "Lima"]
[Date "2023.08.31"]
[Round "4"]
[White "Garay Ramirez, Estefano Javier"]
[Black "Santiago Lastra, Nefi"]
[Result "1-0"]
[WhiteElo "1554"]
[BlackElo "1906"]
[PlyCount "119"]
[EventDate "2023.08.29"]
[EventType "swiss"]
[EventRounds "9"]
[EventCountry "PER"]
[SourceTitle "EXT 2024"]
[Source "ChessBase"]
[SourceDate "2023.10.10"]
[SourceVersion "1"]
[SourceVersionDate "2023.10.10"]
[SourceQuality "1"]

1. d4 Nf6 2. c4 e5 3. dxe5 Ng4 4. e4 Nxe5 5. f4 Bb4+ 6. Bd2 Bxd2+ 7. Qxd2 Nec6 8. Nf3 a5 9. Bd3 Na6 10. Nc3 Nc5 11. 0-0 Nb4 12. Be2 Ra6 13. a3 Rd6 14. Qe3 Nba6 15. b4 b6 16. bxc5 Nxc5 17. e5 Rh6 18. Ne4 Nxe4 19. Qxe4 Qe7 20. Nd4 g6 21. f5 Rh4 22. Rf4 gxf5 23. Nxf5 Qc5+ 24. Kh1 Rxf4 25. Qxf4 Bb7 26. Qg5 Be4 27. Ng7+ Kf8 28. Nh5 Bxg2+ 29. Qxg2 Qxe5 30. Rg1 Ke7 31. Qg5+ Qxg5 32. Rxg5 c6 33. Kg2 h6 34. Re5+ Kd6 35. Rf5 Re8 36. Kf3 Re7 37. Ng3 a4 38. c5+ bxc5 39. Ne4+ Ke6 40. Rh5 d5 41. Rxh6+ Ke5 42. Nxc5 Kd4 43. Rxc6 Re3+ 44. Kf2 Rxa3 45. Nd3 Ra1 46. Ne1 Ra2 47. h4 a3 48. Ra6 Ke4 49. h5 Kf5 50. h6 Rb2 51. h7 Rb8 52. Rxa3 Kg6 53. Bd3+ Kg7 54. Nf3 Rb2+ 55. Ke3 Rb8 56. Ra7 d4+ 57. Nxd4 Rh8 58. Ra5 Re8+ 59. Be4 f5 60. Nxf5+ 1-0

[Event "PER-ch"]
[Site "Lima"]
[Date "2023.08.30"]
[Round "2"]
[White "Pezo Flores, Ramiro Golber"]
[Black "Santiago Lastra, Nefi"]
[Result "1-0"]
[WhiteElo "1515"]
[BlackElo "1906"]
[PlyCount "73"]
[EventDate "2023.08.29"]
[EventType "swiss"]
[EventRounds "9"]
[EventCountry "PER"]
[SourceTitle "EXT 2024"]
[Source "ChessBase"]
[SourceDate "2023.10.10"]
[SourceVersion "1"]
[SourceVersionDate "2023.10.10"]
[SourceQuality "1"]

1. e4 d5 2. Nc3 dxe4 3. Nxe4 Nd7 4. d4 Ndf6 5. Ng3 h5 6. Bc4 h4 7. N3e2 e5 8. Bg5 exd4 9. Qxd4 Qxd4 10. Nxd4 Bc5 11. 0-0-0 Bg4 12. Re1+ Kf8 13. Ngf3 h3 14. g3 Rh5 15. Bf4 Ne7 16. c3 b5 17. Bb3 Ned5 18. Ne5 Bxd4 19. cxd4 Rd8 20. f3 Be6 21. Nc6 Re8 22. Be5 Bd7 23. Na5 Nb4 24. Kd2 Na6 25. g4 Rh8 26. g5 Nh5 27. Rc1 f6 28. Bxc7 Nxc7 29. Rxc7 Re7 30. Rhc1 g6 31. gxf6 Nxf6 32. Rxa7 Rh4 33. Ra8+ Kg7 34. Kd3 Rf4 35. Rf1 Bf5+ 36. Kc3 Re3+ 37. Kb4 1-0

[Event "Arequipa Llerena Memorial U2200"]
[Site "Arequipa"]
[Date "2016.12.08"]
[Round "1.10"]
[White "Sumaria Choqueluque, Nikole Ange"]
[Black "Santiago Lastra, Nefi"]
[Result "0-1"]
[WhiteElo "1270"]
[BlackElo "1940"]
[PlyCount "54"]
[EventDate "2016.12.08"]
[EventType "swiss"]
[EventRounds "7"]
[EventCountry "PER"]
[SourceTitle "EXT 2024"]
[Source "ChessBase"]
[SourceDate "2023.10.10"]
[SourceVersion "1"]
[SourceVersionDate "2023.10.10"]
[SourceQuality "1"]

1. c4 f5 2. g3 Nc6 3. Bg2 Ne5 4. d3 e6 5. Nc3 Be7 6. f4 Ng6 7. Nf3 Nf6 8. a3 0-0 9. 0-0 b6 10. Ne5 Rb8 11. Nxg6 hxg6 12. e4 Bb7 13. b4 Kh7 14. exf5 gxf5 15. Bxb7 Rxb7 16. Qf3 c6 17. Bb2 a5 18. b5 Bc5+ 19. Kg2 Ng4 20. Rae1 Bd4 21. h3 Nh6 22. bxc6 dxc6 23. Rxe6 Rf6 24. Rxf6 Rd7 25. Rd1 Bxc3 26. Bxc3 gxf6 27. Qxc6 Rxd3 0-1

[Event "Ilo Regional Sur op"]
[Site "Ilo Moquegua"]
[Date "2012.04.07"]
[Round "5"]
[White "Machaca Saira, Celestino"]
[Black "Santiago Lastra, Nefi"]
[Result "1/2-1/2"]
[WhiteElo "1659"]
[BlackElo "2051"]
[PlyCount "154"]
[EventDate "2012.04.05"]
[EventType "swiss"]
[EventRounds "7"]
[EventCountry "PER"]
[SourceTitle "EXT 2013"]
[Source "ChessBase"]
[SourceDate "2012.11.22"]
[SourceVersion "1"]
[SourceVersionDate "2012.11.22"]
[SourceQuality "1"]

1. d4 e6 2. c4 f5 3. Nf3 c6 4. e3 Nf6 5. Nc3 d6 6. Bd3 Na6 7. 0-0 Be7 8. e4 fxe4 9. Nxe4 0-0 10. Re1 c5 11. Neg5 Nc7 12. dxc5 h6 13. cxd6 Qxd6 14. Ne4 Nxe4 15. Rxe4 e5 16. c5 Qf6 17. Rxe5 Bg4 18. Qe2 Rae8 19. Qe4 Be6 20. Bg5 hxg5 21. Qh7+ Kf7 22. Nxg5+ Qxg5 23. Rxg5 Bxg5 24. Qg6+ Kg8 25. Qxg5 Nd5 26. Re1 Nf4 27. Bb1 Bh3 28. Rxe8 Rxe8 29. f3 Re1+ 30. Kf2 Rxb1 31. Qxf4 Rxb2+ 32. Ke3 Bxg2 33. Qb8+ Kh7 34. c6 Rxa2 35. c7 Bh3 36. c8Q Bxc8 37. Qxc8 Rxh2 38. Qxb7 Rh6 39. Qxa7 Rf6 40. Ke4 Re6+ 41. Kd5 Rf6 42. Qe3 Kh8 43. f4 Kg8 44. Qe8+ Kh7 45. Ke5 Ra6 46. f5 Rh6 47. Qf7 Rb6 48. Kf4 Rb1 49. Qg6+ Kh8 50. Qh5+ Kg8 51. Qf3 Rb6 52. Kg5 Rf6 53. Qc3 Kf7 54. Qc4+ Kf8 55. Qc8+ Kf7 56. Kg4 Rh6 57. Qd7+ Kf8 58. Kg5 Rf6 59. Qc7 Rh6 60. Qd8+ Kf7 61. Qd5+ Kf8 62. Qe5 Kf7 63. Kf4 Rf6 64. Qc7+ Kf8 65. Ke5 Rh6 66. Qd7 Rf6 67. Qc8+ Kf7 68. Qc4+ Kf8 69. Qd5 Rh6 70. Qa8+ Kf7 71. Qb7+ Kf8 72. Qc8+ Kf7 73. Qc7+ Kf8 74. Qd8+ Kf7 75. Qg5 Kf8 76. Qd8+ Kf7 77. Qg5 Kf8 1/2-1/2

[Event "American Continental 04th"]
[Site "Cali"]
[Date "2007.07.17"]
[Round "8"]
[White "Santiago Lastra, Nefi"]
[Black "Martinez Zuluaica, Julian"]
[Result "1-0"]
[WhiteElo "2106"]
[BlackElo "2251"]
[PlyCount "52"]
[EventDate "2007.07.10"]
[EventType "swiss"]
[EventRounds "11"]
[EventCountry "COL"]
[SourceTitle "CBM 119 Extra"]
[Source "ChessBase"]
[SourceDate "2007.09.04"]
[SourceVersion "1"]
[SourceVersionDate "2007.09.04"]
[SourceQuality "1"]

1. h3 e5 2. d4 exd4 3. Nf3 Nc6 4. Nxd4 d5 5. Nxc6 bxc6 6. g3 Nf6 7. Bg2 Bc5 8. 0-0 0-0 9. c4 Re8 10. cxd5 cxd5 11. Bg5 Be6 12. Qc2 Be7 13. Rd1 Qd7 14. Nc3 c6 15. Kh2 Bf5 16. e4 Bg6 17. Qa4 Nxe4 18. Nxd5 Bxg5 19. Nf6+ Nxf6 20. Rxd7 Nxd7 21. Qg4 Nf6 22. Qxg5 Be4 23. Re1 Bxg2 24. Rxe8+ Rxe8 25. Kxg2 Re2 26. Qc1 h6 1-0

[Event "American Continental 04th"]
[Site "Cali"]
[Date "2007.07.14"]
[Round "5"]
[White "Rodriguez M, Juan Andres"]
[Black "Santiago Lastra, Nefi"]
[Result "0-1"]
[WhiteElo "2009"]
[BlackElo "2106"]
[PlyCount "92"]
[EventDate "2007.07.10"]
[EventType "swiss"]
[EventRounds "11"]
[EventCountry "COL"]
[SourceTitle "CBM 119 Extra"]
[Source "ChessBase"]
[SourceDate "2007.09.04"]
[SourceVersion "1"]
[SourceVersionDate "2007.09.04"]
[SourceQuality "1"]

1. e4 d5 2. exd5 Nf6 3. c4 c6 4. dxc6 Nxc6 5. Nf3 e5 6. d3 e4 7. dxe4 Qxd1+ 8. Kxd1 Nxe4 9. Ke1 Bb4+ 10. Nbd2 Bg4 11. Bd3 Nc5 12. Bc2 0-0-0 13. h3 Bxf3 14. gxf3 Nd4 15. Bd1 Nd3+ 16. Kf1 Nxc1 17. Rxc1 Bxd2 18. Rb1 Rd6 19. b4 Re8 20. f4 Bxf4 21. Ba4 Re5 22. Re1 Nf3 23. Rxe5 Nxe5 24. c5 Rd4 25. Bc2 g6 26. b5 Rc4 27. Bb3 Rxc5 28. Kg2 Rxb5 29. Rc1+ Bxc1 30. Kf1 Rxb3 31. axb3 Kc7 32. Ke2 Bf4 33. Kd1 b5 34. b4 Nd3 35. Ke2 Nxb4 36. Kf3 Nd5 37. Ke4 Kc6 38. Kd4 a5 39. Kd3 Kc5 40. Kc2 Kd4 41. Kb2 Kd3 42. Kb3 a4+ 43. Ka2 Kc2 44. f3 Bc1 45. f4 Nc3+ 46. Ka1 Bb2# 0-1